000 00463nam a2200157 4500
001 131631
003 ES-MaACL
005 20230906194021.0
007 t|
008 070214s1967 sp r ||||1| spa d
100 1 _aRodríguez-Cabal, Juan.
_998390
245 1 0 _aBetanzos
_b: evangelizador de México y Guatemala /
_cJuan Rodríguez-Cabal.
260 _aPamplona :
_bOPE,
_c1967.
300 _a206 p., 1 lám. ;
_c19 cm.
852 _aES-MaACL
_jC-51413
_bR.65851
999 _c131631
_d131631